Statistiques concernant Les chefs de gouvernement en France

Cliquez ici pour prendre le quiz!

Statistiques générales

  • Ce quiz a été pris 113 fois
    (63 depuis la dernière actualisation)
  • Le résultat moyen est 42 sur 202

Statistiques - réponses

PériodeMandatFonctionChef de Gouvernement% Correct
Cinquième République2017 - 2020Premier ministre de la République françaiseÉdouard Philippe
73%
Cinquième République2022 - 2024Premier ministre de la République françaiseÉlisabeth Borne
69%
Cinquième République1986 - 1988Premier ministre de la République françaiseJacques Chirac
67%
Cinquième République1974 - 1976Premier ministre de la République françaiseJacques Chirac
67%
Cinquième République2020 - 2022Premier ministre de la République françaiseJean Castex
67%
Cinquième République2014 - 2016Premier ministre de la République françaiseManuel Valls
67%
Ancien Régime1624 - 1642Principal Ministre d'ÉtatCardinal de Richelieu
64%
Cinquième République1962 - 1968Premier ministre de la République françaiseGeorges Pompidou
64%
Seconde Restauration1815 - 1818Président du Conseil des ministres françaisArmand-Emmanuel du Plessis, duc de Richelieu
62%
Seconde Restauration1820 - 1821Président du Conseil des ministres françaisArmand-Emmanuel du Plessis, duc de Richelieu
62%
Ancien Régime1661 - 1683Principal Ministre d'ÉtatJean-Baptiste Colbert
62%
Cinquième République2007 - 2012Premier ministre de la République françaiseFrançois Fillon
60%
Cinquième République1997 - 2002Premier ministre de la République françaiseLionel Jospin
60%
Cinquième République1991 - 1992Premier ministre de la République françaiseÉdith Cresson
58%
Ancien Régime1642 - 1661Principal Ministre d'ÉtatCardinal Mazarin
56%
France Libre1940 - 1944Président du Comité national français / Comité français de libération nationaleCharles de Gaulle
56%
Gouvernement provisoire de la République française1944 - 1946Président du gouvernement provisoire de la République françaiseCharles de Gaulle
56%
Quatrième République1958 - 1959Président du Conseil des ministres françaisCharles de Gaulle
56%
Troisième République1917 - 1920Président du Conseil des ministres françaisGeorges Clemenceau
56%
Troisième République1906 - 1909Président du Conseil des ministres françaisGeorges Clemenceau
56%
Cinquième République2016 - 2017Premier ministre de la République françaiseBernard Cazeneuve
53%
Cinquième République2005 - 2007Premier ministre de la République françaiseDominique de Villepin
53%
Cinquième République1993 - 1995Premier ministre de la République françaiseÉdouard Balladur
53%
Cinquième République2012 - 2014Premier ministre de la République françaiseJean-Marc Ayrault
51%
Cinquième République2002 - 2005Premier ministre de la République françaiseJean-Pierre Raffarin
51%
Gouvernement provisoire de la République française1946 - 1947Président du gouvernement provisoire de la République françaiseLéon Blum
51%
Troisième République1936 - 1937Président du Conseil des ministres françaisLéon Blum
51%
Troisième République1938Président du Conseil des ministres françaisLéon Blum
51%
Cinquième République1988 - 1991Premier ministre de la République françaiseMichel Rocard
49%
Cinquième République2024 - ?Premier ministre de la République françaiseGabriel Attal
47%
Cinquième République1995 - 1997Premier ministre de la République françaiseAlain Juppé
44%
Cinquième République1984 - 1986Premier ministre de la République françaiseLaurent Fabius
44%
Cinquième République1992 - 1993Premier ministre de la République françaisePierre Bérégovoy
44%
Ancien Régime1789 - 1790Principal Ministre d'ÉtatJacques Necker
42%
Ancien Régime1788 - 1789Principal Ministre d'ÉtatJacques Necker
42%
Cinquième République1959 - 1962Premier ministre de la République françaiseMichel Debré
42%
Troisième République1940Président du Conseil des ministres françaisPhilippe Pétain
42%
Cinquième République1981 - 1984Premier ministre de la République françaisePierre Mauroy
42%
Cinquième République1976 - 1981Premier ministre de la République françaiseRaymond Barre
42%
Cinquième République1969 - 1972Premier ministre de la République françaiseJacques Chaban-Delmas
40%
Régime de Vichy1940Vice-président du Conseil des ministresPierre Laval
40%
Troisième République1931 - 1932Président du Conseil des ministres françaisPierre Laval
40%
Troisième République1935 - 1936Président du Conseil des ministres françaisPierre Laval
40%
Régime de Vichy1942 - 1944Chef du gouvernementPierre Laval
40%
Quatrième République1952Président du Conseil des ministres françaisEdgar Faure
38%
Quatrième République1955 - 1956Président du Conseil des ministres françaisEdgar Faure
38%
Cinquième République1968 - 1969Premier ministre de la République françaiseMaurice Couve de Murville
38%
Troisième République1881 - 1882Président du Conseil des ministres françaisLéon Gambetta
36%
Quatrième République1954 - 1955Président du Conseil des ministres françaisPierre Mendès France
36%
Ancien Régime1726 - 1743Principal Ministre d'ÉtatCardinal de Fleury
33%
Ancien Régime1774 - 1776Principal Ministre d'ÉtatJacques Turgot
33%
Monarchie de Juillet1848Président du Conseil des ministres françaisAdolphe Thiers
31%
Monarchie de Juillet1836Président du Conseil des ministres françaisAdolphe Thiers
31%
Monarchie de Juillet1840Président du Conseil des ministres françaisAdolphe Thiers
31%
Ancien Régime1758 - 1770Principal Ministre d'ÉtatDuc de Choiseul
31%
Troisième République1934Président du Conseil des ministres françaisGaston Doumergue
31%
Troisième République1913 - 1914Président du Conseil des ministres françaisGaston Doumergue
31%
Troisième République1883 - 1885Président du Conseil des ministres françaisJules Ferry
31%
Troisième République1880 - 1881Président du Conseil des ministres françaisJules Ferry
31%
Cinquième République1972 - 1974Premier ministre de la République françaisePierre Messmer
31%
Troisième République1926 - 1929Président du Conseil des ministres françaisRaymond Poincaré
31%
Troisième République1912 - 1913Président du Conseil des ministres françaisRaymond Poincaré
31%
Troisième République1922 - 1924Président du Conseil des ministres françaisRaymond Poincaré
31%
Troisième République1934Président du Conseil des ministres françaisÉdouard Daladier
27%
Troisième République1938 - 1940Président du Conseil des ministres françaisÉdouard Daladier
27%
Troisième République1933Président du Conseil des ministres françaisÉdouard Daladier
27%
Troisième République1915 - 1917Président du Conseil des ministres françaisAristide Briand
24%
Troisième République1921 - 1922Président du Conseil des ministres françaisAristide Briand
24%
Troisième République1925 - 1926Président du Conseil des ministres françaisAristide Briand
24%
Troisième République1909 - 1911Président du Conseil des ministres françaisAristide Briand
24%
Troisième République1929Président du Conseil des ministres françaisAristide Briand
24%
Troisième République1913Président du Conseil des ministres françaisAristide Briand
24%
Ancien Régime1770 - 1774Principal Ministre d'ÉtatRené de Maupeou
24%
Troisième République1920Président du Conseil des ministres françaisAlexandre Millerand
22%
Ancien Régime1715 - 1723Principal Ministre d'ÉtatCardinal Dubois
20%
Ancien Régime1781 - 1787Principal Ministre d'ÉtatComte de Vergennes
20%
Ancien Régime1598 - 1611Principal Ministre d'ÉtatDuc de Sully
20%
Troisième République1892Président du Conseil des ministres françaisÉmile Loubet
20%
Cent-Jours1815Président de la Commission de GouvernementJoseph Fouché
20%
Troisième République1883Président du Conseil des ministres françaisArmand Fallières
18%
Troisième République1924 - 1925Président du Conseil des ministres françaisÉdouard Herriot
18%
Troisième République1932Président du Conseil des ministres françaisÉdouard Herriot
18%
Troisième République1926Président du Conseil des ministres françaisÉdouard Herriot
18%
Régime de Vichy1941 - 1942Vice-président du Conseil des ministresFrançois Darlan
18%
Quatrième République1956 - 1957Président du Conseil des ministres françaisGuy Mollet
18%
Troisième République1893 - 1894Président du Conseil des ministres françaisJean Casimir-Perier
18%
Troisième République1899 - 1902Président du Conseil des ministres françaisPierre Waldeck-Rousseau
18%
Quatrième République1952Président du Conseil des ministres françaisAntoine Pinay
16%
Troisième République1933 - 1934Président du Conseil des ministres françaisCamille Chautemps
16%
Troisième République1930Président du Conseil des ministres françaisCamille Chautemps
16%
Troisième République1937 - 1938Président du Conseil des ministres françaisCamille Chautemps
16%
Ancien Régime1787 - 1788Principal Ministre d'ÉtatCardinal Loménie de Brienne
16%
Ancien Régime1776 - 1781Principal Ministre d'ÉtatComte de Maurepas
16%
Ancien Régime1723Principal Ministre d'ÉtatDuc d'Orléans
16%
Ancien Régime1683 - 1691Principal Ministre d'ÉtatLe Tellier de Louvois
16%
Quatrième République1958Président du Conseil des ministres françaisPierre Pflimlin
16%
Quatrième République1948Président du Conseil des ministres françaisRobert Schuman
16%
Quatrième République1947 - 1948Président du Conseil des ministres françaisRobert Schuman
16%
Troisième République1877Président du Conseil des ministres françaisAlbert, duc de Broglie
13%
Troisième République1873 - 1874Président du Conseil des ministres françaisAlbert, duc de Broglie
13%
Seconde Restauration1815
Président du Conseil des ministres français
Charles-Maurice de Talleyrand-Périgord
13%
Première Restauration1814Président du gouvernement provisoireCharles-Maurice de Talleyrand-Périgord
13%
Second Empire1870Chef du CabinetÉmile Ollivier
13%
Deuxième République1848Président du Conseil des ministres françaisEugène Cavaignac
13%
Quatrième République1948 - 1949Président du Conseil des ministres françaisHenri Queuille
13%
Quatrième République1951Président du Conseil des ministres françaisHenri Queuille
13%
Quatrième République1950Président du Conseil des ministres françaisHenri Queuille
13%
Troisième République1876 - 1877Président du Conseil des ministres françaisJules Simon
13%
Quatrième République1947Président du Conseil des ministres françaisPaul Ramadier
13%
Quatrième République1950 - 1951Président du Conseil des ministres françaisRené Pleven
13%
Quatrième République1951 - 1952Président du Conseil des ministres françaisRené Pleven
13%
Troisième République1933Président du Conseil des ministres françaisAlbert Sarraut
11%
Troisième République1936Président du Conseil des ministres françaisAlbert Sarraut
11%
Ancien Régime1616 - 1617Principal Ministre d'ÉtatConcino Concini
11%
Troisième République1902 - 1905Président du Conseil des ministres françaisÉmile Combes
11%
Monarchie de Juillet1847 - 1848Président du Conseil des ministres françaisFrançois Guizot
11%
Seconde Restauration1829 - 1830Président du Conseil des ministres françaisJules, comte de Polignac
11%
Troisième République1876Président du Conseil des ministres françaisJules Dufaure
11%
Troisième République1877 - 1879Président du Conseil des ministres françaisJules Dufaure
11%
Troisième République1871 - 1873Président du Conseil des ministres françaisJules Dufaure
11%
Troisième République1940Président du Conseil des ministres françaisPaul Reynaud
11%
Troisième République1914 - 1915Président du Conseil des ministres françaisRené Viviani
11%
Monarchie de Juillet1835 - 1836Président du Conseil des ministres françaisVictor, duc de Broglie
11%
Troisième République1930Président du Conseil des ministres françaisAndré Tardieu
9%
Troisième République1932Président du Conseil des ministres françaisAndré Tardieu
9%
Troisième République1929 - 1930Président du Conseil des ministres françaisAndré Tardieu
9%
Ancien Régime1617 - 1621Principal Ministre d'ÉtatDuc de Luynes
9%
Quatrième République1957 - 1958Président du Conseil des ministres françaisFélix Gaillard
9%
Deuxième République1848Président du Conseil des ministres françaisFrançois Arago
9%
Troisième République1896 - 1898Président du Conseil des ministres françaisJules Méline
9%
Troisième République1917Président du Conseil des ministres françaisPaul Painlevé
9%
Troisième République1925Président du Conseil des ministres françaisPaul Painlevé
9%
Ancien Régime1723 - 1726Principal Ministre d'ÉtatPrince de Condé
9%
Troisième République1914Président du Conseil des ministres françaisAlexandre Ribot
7%
Troisième République1895Président du Conseil des ministres françaisAlexandre Ribot
7%
Troisième République1892 - 1893Président du Conseil des ministres françaisAlexandre Ribot
7%
Troisième République1917Président du Conseil des ministres françaisAlexandre Ribot
7%
Quatrième République1948Président du Conseil des ministres françaisAndré Marie
7%
Troisième République1893Président du Conseil des ministres françaisCharles Dupuy
7%
Troisième République1898 - 1899Président du Conseil des ministres françaisCharles Dupuy
7%
Troisième République1894 - 1895Président du Conseil des ministres françaisCharles Dupuy
7%
Seconde Restauration1819 - 1820Président du Conseil des ministres françaisÉlie, duc Decazes
7%
Quatrième République1949 - 1950Président du Conseil des ministres françaisGeorges Bidault
7%
Gouvernement provisoire de la République française1946Président du gouvernement provisoire de la République françaiseGeorges Bidault
7%
Seconde Restauration1828 - 1829Président du Conseil des ministres françaisJean-Baptiste Sylvère Gaye, vicomte de Martignac
7%
Deuxième République1848 - 1849Président du Conseil des ministres françaisOdilon Barrot
7%
Troisième République1889 - 1890Président du Conseil des ministres françaisPierre Tirard
7%
Troisième République1887 - 1888Président du Conseil des ministres françaisPierre Tirard
7%
Ancien Régime1789Principal Ministre d'ÉtatBaron de Breteuil
4%
Monarchie de Juillet1831 - 1832Président du Conseil des ministres françaisCasimir Perier
4%
Gouvernement provisoire de la République française1946Président du gouvernement provisoire de la République françaiseFélix Gouin
4%
Troisième République1906Président du Conseil des ministres françaisFerdinand Sarrien
4%
France Libre1943Co-présidentHenri Giraud
4%
Seconde Restauration1821 - 1828Président du Conseil des ministres françaisJoseph, comte de Villèle
4%
Quatrième République1953 - 1954Président du Conseil des ministres françaisJoseph Laniel
4%
Gouvernement de la Défense nationale1870 - 1871Président du gouvernement de la Défense nationaleLouis Jules Trochu
4%
Monarchie de Juillet1836 - 1839Président du Conseil des ministres françaisLouis-Mathieu, comte Molé
4%
Monarchie de Juillet1848Président du Conseil des ministres françaisLouis-Mathieu, comte Molé
4%
Quatrième République1953Président du Conseil des ministres françaisRené Mayer
4%
Seconde Restauration1830Président du Conseil des ministres françaisCasimir de Rochechouart, duc de Mortemart
2%
Troisième République1886Président du Conseil des ministres françaisCharles de Freycinet
2%
Troisième République1879 - 1880Président du Conseil des ministres françaisCharles de Freycinet
2%
Troisième République1890 - 1892Président du Conseil des ministres françaisCharles de Freycinet
2%
Troisième République1882Président du Conseil des ministres françaisCharles de Freycinet
2%
Ancien Régime1790 - 1791Principal Ministre d'ÉtatComte de Saint-Hérem
2%
Monarchie de Juillet1834 - 1835Président du Conseil des ministres françaisÉdouard Mortier, duc de Trévise
2%
Monarchie de Juillet1834Président du Conseil des ministres françaisÉtienne Maurice, compte Gérard
2%
Deuxième République1848Président du Conseil des ministres françaisJacques Charles Dupont de l'Eure
2%
Monarchie de Juillet1840 - 1847Président du Conseil des ministres françaisJean-de-Dieu Soult, duc de Dalmatie
2%
Monarchie de Juillet1839 - 1840Président du Conseil des ministres françaisJean-de-Dieu Soult, duc de Dalmatie
2%
Monarchie de Juillet1832 - 1834Président du Conseil des ministres françaisJean-de-Dieu Soult, duc de Dalmatie
2%
Seconde Restauration1818 - 1819Président du Conseil des ministres françaisJean-Joseph, marquis Dessolles
2%
Troisième République1911 - 1912Président du Conseil des ministres françaisJoseph Caillaux
2%
Troisième République1932 - 1933Président du Conseil des ministres françaisJoseph Paul-Boncour
2%
Troisième République1895 - 1896Président du Conseil des ministres françaisLéon Bourgeois
2%
Troisième République1913Président du Conseil des ministres françaisLouis Barthou
2%
Ancien Régime1611 - 1616Principal Ministre d'ÉtatMarquis de Villeroy
2%
Quatrième République1957Président du Conseil des ministres françaisMaurice Bourgès-Maunoury
2%
Troisième République1887Président du Conseil des ministres françaisMaurice Rouvier
2%
Troisième République1905 - 1906Président du Conseil des ministres françaisMaurice Rouvier
2%
Régime de Vichy1940 - 1941Vice-président du Conseil des ministresPierre-Étienne Flandin
2%
Troisième République1934 - 1935Président du Conseil des ministres françaisPierre Étienne Flandin
2%
Troisième République1886 - 1887Président du Conseil des ministres françaisRené Goblet
2%
Troisième République1879Président du Conseil des ministres françaisWilliam Henry Waddington
2%
Deuxième République1849 - 1851Président du Conseil des ministres françaisAlphonse Henri, comte d'Hautpoul
0%
Second Empire1870Chef du CabinetCharles Cousin-Montauban
0%
Troisième République1882 - 1883Président du Conseil des ministres françaisCharles Duclerc
0%
Troisième République1888 - 1889Président du Conseil des ministres françaisCharles Foquet
0%
Troisième République1874 - 1875Président du Conseil des ministres françaisErnest Courtot de Cissey
0%
Troisième République1911Président du Conseil des ministres françaisErnest Monis
0%
Troisième République1935Président du Conseil des ministres françaisFernand Bouisson
0%
Régime de Vichy1944 - 1945Président de la commission gouvernementaleFernand de Brinon
0%
Troisième République1924Président du Conseil des ministres françaisFrédéric François-Marsal
0%
Troisième République1877Président du Conseil des ministres françaisGaëtan de Rochebouët
0%
Troisième République1920 - 1921Président du Conseil des ministres françaisGeorges Leygues
0%
Troisième République1898Président du Conseil des ministres françaisHenri Brisson
0%
Troisième République1885Président du Conseil des ministres françaisHenry Brisson
0%
Monarchie de Juillet1834Président du Conseil des ministres françaisHugues Bernard Maret, duc de Bassano
0%
Monarchie de Juillet1830 - 1831Président du Conseil des ministres françaisJacques Laffitte
0%
Deuxième République1851Président du Conseil des ministres françaisLéon Faucher
0%
Troisième République1875 - 1876Président du Conseil des ministres françaisLouis Buffet
0%
Troisième République1930 - 1931Président du Conseil des ministres françaisThéodore Steeg
0%

Distribution des résultats

Percentile par nombre de réponses

% des personnes avec chaque résultat

Votre développement - résultats

Vous n’avez pas pris ce quiz depuis la dernière actualisation